000 01189nam a2200301 a 4500
001 24730
003 CO-ViMGA
005 20230915232015.0
008 141112s2004 ck r 000 u spa d
020 _a9788445820308
035 _aAHQ6927 LA
040 _aCO-ViMGA
_bspa
_cCO-ViMGA
041 _aspa
082 0 4 _a616.075 B15c
100 1 _aBalcells Gorina, Alfonso.
_936903
245 1 0 _aLa clínica y el laboratorio :
_binterpretación de análisis y pruebas funcionales, exploración de los síndromes, cuadro biológico de las enfermedades /
_cAlfonso Balcells Gorina ; prólogo M. Soriano Jiménez.
250 _a21
260 _aBarcelona :
_bElsevier Masson,
_c2010.
300 _axxxi, 855 p. : il. ; 23 cm.
500 _aIncluye índice.
650 1 4 _aMedicina clínica - Manuales de laboratorio.
_936904
700 1 _aPrieto Valtueña, Jesus
_936905
700 1 _aSoriano Jiménez, Miguel Ángel.
_936906
700 1 _aYuste Ara, José
_936907
942 _2ddc
_cBK
949 _an n
999 _c32534
_d32534